| 000 | 00000nas 2200000zi 4500 |
| 001 | 9.897020 |
| 003 | CaOODSP |
| 005 | 20250417081711 |
| 006 | m |o d f |
| 007 | cr cn||||||||| |
| 008 | 210302c20179999oncgr p o f0 a0eng|d |
| 022 | |a2563-8165 |
| 040 | |aCaOODSP|beng|erda|cCaOODSP |
| 043 | |an-cn--- |
| 086 | 1 |aD95-10E-PDF|zD96-2/2019E-PDF|zD96-2/2017E-PDF |
| 222 | 0|aCyber threats to Canada's democratic process |
| 245 | 00|aCyber threats to Canada's democratic process. |
| 246 | 37|a... update : |bCyber threats to Canada's democratic process |
| 264 | 1|a[Ottawa] : |bCommunications Security Establishment = Centre de la sécurité des télécommunications, |c[2017]- |
| 310 | |aBiennial |
| 336 | |atext|btxt|2rdacontent |
| 337 | |acomputer|bc|2rdamedia |
| 338 | |aonline resource|bcr|2rdacarrier |
| 362 | 1 |aBegan with 2017. |
| 500 | |aIssued also in French under title: Le point sur les cybermenaces contre le processus démocratique du Canada. |
| 588 | |aDescription based on: 2017. |
| 588 | |aLatest issue consulted: 2019 update. |
| 650 | 0|aCyberterrorism|zCanada|xPrevention|vPeriodicals. |
| 650 | 0|aElections|zCanada|vPeriodicals. |
| 655 | 7|aPeriodicals|2lcgft |
| 710 | 2 |aCommunications Security Establishment (Canada), |eissuing body. |
| 775 | 08|tLe point sur les cybermenaces contre le processus démocratique du Canada en ... |w(CaOODSP)9.897022 |
| 775 | 08|tCybermenaces contre le processus démocratique du Canada|w(CaOODSP)9.903895 |
| 775 | 08|tCybermenaces contre le processus démocratique du Canada.|w(CaOODSP)9.903900 |